| 000 | 00704nam a2200169Ia 4500 | ||
|---|---|---|---|
| 008 | 090201s9999 xx 000 0 und d | ||
| 010 | _aKPL-33910 | ||
| 040 | _bमराठी | ||
| 041 | _aमराठी | ||
| 082 |
_a45569 _b33910 |
||
| 100 | _aचंद्रकांत बांदिवडेकर | ||
| 245 |
_aमराठी कादंबरी चिंतन आणि समीक्षा _cचंद्रकांत बांदिवडेकर |
||
| 260 |
_c2005 _bमेहता पब्लिशिंग हाऊस |
||
| 300 |
_a227 _bमोठा |
||
| 600 | _aमराठी कादंबरी चिंतन आणि समीक्षा | ||
| 942 | _cBOOK | ||
| 999 |
_c242480 _d242480 |
||